|
|
|
|
| LEADER |
01010naa#a2200337#ar4500 |
| 001 |
000104813 |
| 003 |
SVKKK |
| 005 |
20110511102746.0 |
| 008 |
110511c2009 xo #|0||||||||0|||b|slo |
| FMT |
|
|
|
| 038 |
|
|
|a SVKKK
|
| 040 |
|
|
|a SVKKK
|b slo
|e AACR2
|
| 041 |
0 |
|
|a slo
|
| 044 |
|
|
|a xo
|c SK
|
| 080 |
|
|
|a 78.07
|2 1997
|
| 080 |
|
|
|a 792.54
|x (437.67)
|2 1997
|
| 080 |
|
|
|a 929 Babjak, Martin
|2 1997
|
| 100 |
1 |
|
|a Repovská, Jarmila
|4 aut
|
| 245 |
1 |
0 |
|a Ľadová voda jeho hlasivkám neškodí, pretože ju nepije, iba v nej pláva
|b sólista opery SND Martin Babjak spieval v Košiciach vo Verdiho Maškarnom bále v postave Renáta
|c Jarmila Repovská
|
| 300 |
|
|
|b Obr.
|
| 600 |
1 |
4 |
|a Babjak, Martin
|d 1960-
|x operný spevák
|
| 650 |
0 |
4 |
|a operní speváci
|
| 650 |
0 |
4 |
|a hosťovanie
|
| 651 |
|
4 |
|a Košice (Slovensko)
|
| 773 |
0 |
|
|t Košický večer. Korzár
|g Roč. XVIII (41), č. 11 (2009), s. 18
|x 1336-5320
|
| 958 |
|
|
|a BX
|
| 974 |
|
|
|a Ma
|
| 992 |
|
|
|a RBX
|
| BAS |
|
|
|
| 852 |
|
|
|a SVKKK
|b BIB
|
| 998 |
|
|
|a REG
|